000 00381nam a2200181Ia 4500
100 _aVeerarajan/T
650 _aProbability and statistics
250 _a3
942 _cBK
366 _f25
654 _aprobability
245 _aProbability
260 _bMCGRAW HILL PUBL.
_c2008
082 _a519.2
_bVEE
300 _a595
546 _aENGLISH
_cproduction
999 _c35541
_d35541